000 00458nam a2200181 a 4500
001 1774864617823
003 YourLibrary
005 20260330153039.0
008 260330s2006##################000#0#eng##
020 _a9780691120003
082 0 4 _a340.10973
_bKEN
100 1 _aKennedy, David,
_eauthor.
245 1 0 _aThe Canon of American Legal Thought :
260 _c2006.
650 0 _aLaw.
942 _cENGLISH
040 _aYourLibrary
_beng
_cYourLibrary
999 _c618380
_d618380